The NIV interlinear Hebrew-English Old Testament : four volumes in one Genesis-Malachi / (Record no. 7890)
[ view plain ]
| 000 -LEADER | |
|---|---|
| fixed length control field | 00951cam a2200265Ia 4500 |
| 001 - CONTROL NUMBER | |
| control field | 18163 |
| 003 - CONTROL NUMBER IDENTIFIER | |
| control field | GBCCL |
| 005 - DATE AND TIME OF LATEST TRANSACTION | |
| control field | 20260303111502.0 |
| 008 - FIXED-LENGTH DATA ELEMENTS--GENERAL INFORMATION | |
| fixed length control field | 930325r19871979miu b 000 0 eng d |
| 020 ## - INTERNATIONAL STANDARD BOOK NUMBER | |
| International Standard Book Number | 0310442206 |
| 020 ## - INTERNATIONAL STANDARD BOOK NUMBER | |
| International Standard Book Number | 0301040200X |
| 035 ## - SYSTEM CONTROL NUMBER | |
| System control number | (OCoLC)27801915 |
| 040 ## - CATALOGING SOURCE | |
| Original cataloging agency | RSC |
| Transcribing agency | RSC |
| Modifying agency | LBB |
| 082 ## - DEWEY DECIMAL CLASSIFICATION NUMBER | |
| Classification number | 220.44 |
| Item number | BIB |
| 090 ## - LOCALLY ASSIGNED LC-TYPE CALL NUMBER (OCLC); LOCAL CALL NUMBER (RLIN) | |
| Classification number (OCLC) (R) ; Classification number, CALL (RLIN) (NR) | BS715 |
| Local cutter number (OCLC) ; Book number/undivided call number, CALL (RLIN) | 1987b |
| 245 14 - TITLE STATEMENT | |
| Title | The NIV interlinear Hebrew-English Old Testament : four volumes in one Genesis-Malachi / |
| Statement of responsibility, etc. | edited by John R. Kohlenberger III. |
| 260 ## - PUBLICATION, DISTRIBUTION, ETC. | |
| Place of publication, distribution, etc. | Grand Rapids, Mich. : |
| Name of publisher, distributor, etc. | Zondervan Pub. House, |
| Date of publication, distribution, etc. | c1987. |
| 300 ## - PHYSICAL DESCRIPTION | |
| Extent | xxxvi, 586, 512, 601, 591 p. ; |
| Dimensions | 25 cm. |
| 500 ## - GENERAL NOTE | |
| General note | Originally published 1979-c1985 in four separate volumes. |
| 500 ## - GENERAL NOTE | |
| General note | "Four volumes in one, Genesis-Malachi." |
| 504 ## - BIBLIOGRAPHY, ETC. NOTE | |
| Bibliography, etc. note | Includes bibliographical references (p. xxviii-xxx). |
| 630 00 - SUBJECT ADDED ENTRY--UNIFORM TITLE | |
| Uniform title | Bible. |
| Name of part/section of a work | O.T. |
| General subdivision | Interlinear translations, English. |
| 9 (RLIN) | 13759 |
| 700 1# - ADDED ENTRY--PERSONAL NAME | |
| Personal name | Kohlenberger, John R. |
| 9 (RLIN) | 4509 |
| 942 ## - ADDED ENTRY ELEMENTS (KOHA) | |
| Source of classification or shelving scheme | Dewey Decimal Classification |
| Koha item type | Reference Books |
| Withdrawn status | Lost status | Source of classification or shelving scheme | Damaged status | Not for loan | Collection | Home library | Current Library | Shelving location | Date acquired | Total checkouts | Full call number | Barcode | Date last seen | Copy number | Price effective from | Koha item type |
|---|---|---|---|---|---|---|---|---|---|---|---|---|---|---|---|---|
| Dewey Decimal Classification | Biblical Studies | GRACE BIBLE COLLEGE | GRACE BIBLE COLLEGE | Language | 2018-11-08 | 220.44 BIB | 005165 | 2025-05-01 | c.1 | 2018-11-08 | Language | |||||
| Dewey Decimal Classification | GRACE BIBLE COLLEGE | GRACE BIBLE COLLEGE | Language | 2026-03-03 | 220.44 BIB | 017437 | 2026-03-03 | c.2 | 2026-03-03 | Reference Books |